Antonio Rosmini: vida y pensamiento
Guardat en:
| Autor principal: | |
|---|---|
| Format: | Llibre |
| Idioma: | espanyol |
| Publicat: |
Madrid
Biblioteca de Autores Cristianos
1998
|
| Col·lecció: | BAC Popular, 139
|
| Matèries: | |
| Etiquetes: |
Afegir etiqueta
Sense etiquetes, Sigues el primer a etiquetar aquest registre!
|
MARC
| LEADER | 00000nam a2200000 a 4500 | ||
|---|---|---|---|
| 001 | UCM1270 | ||
| 003 | CL-VaPUC | ||
| 008 | 020328e19980000SP |||||||||||||||||spa|d | ||
| 082 | 0 | 4 | |a 922 |b MUR |2 21 |
| 100 | |a Muratore, Umberto |e autor |9 468321 | ||
| 245 | 1 | 0 | |a Antonio Rosmini: vida y pensamiento |
| 300 | |a 318 p | ||
| 942 | |c BK | ||
| 945 | |d 20020328 00:00:00 |a cmena | ||
| 260 | |a Madrid |b Biblioteca de Autores Cristianos |c 1998 | ||
| 600 | 0 | 7 | |a ROSMINI SERBATI, ANTONIO |2 CL-VaPUC |9 327527 |
| 650 | 0 | |a Filosofía cristiana |9 265980 | |
| 650 | 0 | |a Biografías |9 255210 | |
| 650 | 0 | |a Filosofía italiana |9 265241 | |
| 583 | |a last modification |c 20170531 12:37:55 |k Rodrigo Vera | ||
| 490 | 0 | |a BAC Popular, 139 | |
| 999 | |c 299861 |d 299859 | ||
| 952 | |0 0 |1 0 |4 0 |6 922_000000000000000_MUR_1998 |7 0 |8 A |9 356852 |a BIBEDU |b BIBEDU |d 2019-11-21 |i 3803104 |o 922 MUR 1998 |p 3803104 |r 2019-11-21 |w 2019-11-21 |y BK |k FIL | ||